000 00285nam a2200133Ia 4500
008 231129s1985||||xx |||||||||||||| ||spa||
040 _bspa
082 _aCo861 i68d
100 _aIriarte Miguel
245 0 _aDoy mi palabra
260 _c1985
264 _aLealon
942 _2ddc
_cBKS
999 _c9818
_d9818